000
00248 a2200097 4500
001
51362
100
_a
American Society for Metals
245
_a
Source Book on Cold Forming
260
_a
Ohio
_b
American Society for Metals
_c
090
_c
32553
_d
32553
942
_a
NUST-CAE
_c
M
_c
25062
999
_c
286435
_d
286435